000 00339nam a22001457a 4500
999 _c11935
_d11935
020 _a0898744822
020 _a978-0898744828
082 _a625.7BAK
100 _aBaker, Robert F.
245 _aHandbook of Highway Engineering
260 _aNew York
_bVan Nostron
_c1975
300 _a894
650 _aHighway Engineering
942 _cBK